LEADER 00892nam0-2200277 --450 001 9910317455303321 005 20190503152253.0 010 $a978-88-575-4662-9 100 $a20190503d2018----kmuy0itay5050 ba 101 0 $aita 102 $aIT 105 $ay 001yy 200 1 $aTutta colpa di Ismene?$einterrogativi e questioni simbolico-poltiche sulla tratta delle donne nella società contemporanea$fElena Cuomo 210 $aMilano ; Udine$cMimesis$d2018 215 $a177 p.$d21 cm 225 1 $aMimesis. Eterotopie$v454 610 0 $aTratta di persone$aVittime [:] Donne$aFilosofia politica 676 $a364.1551$v23$zita 700 1$aCuomo,$bElena$0267625 801 0$aIT$bUNINA$gREICAT$2UNIMARC 901 $aBK 912 $a9910317455303321 952 $aCollez. 2464 (454)$b321/2019$fFSPBC 959 $aFSPBC 996 $aTutta colpa di Ismene$91550779 997 $aUNINA